000
00217nam a22000857a 4500
008
161205b xxu||||| |||| 00| 0 eng d
100
_9
1793
_a
Goel.D.K.etal
245
_a
Accountancy-XII
260
_a
New Delhi
_b
S. Dinesh
_c
2013
999
_c
4502
_d
4502